Ballon d'or - Statistiques

Statistiques générales
  • Ce quiz a été pris 26 fois
    15 depuis la dernière actualisation
  • Le résultat moyen est 18 sur 69
Statistiques - réponses
Hint Réponse % Correct
1974 Cruyff
60%
1990 Matthäus
60%
2012 Messi
60%
2003 Nedved
60%
2008 Ronaldo
60%
1996 Sammer
60%
2022 Benzema
40%
1973 Cruyff
40%
2007 Kaka
40%
1962 Masopust
40%
2011 Messi
40%
2021 Messi
40%
1991 Papin
40%
1999 Rivaldo
40%
2024 Rodri
40%
2005 Ronaldinho
40%
2013 Ronaldo
40%
2002 Ronaldo R9
40%
1988 Van Basten
40%
1989 Van Basten
40%
1992 Van Basten
40%
1998 Zidane
40%
1967 Albert
20%
1993 Baggio
20%
1972 Beckenbauer
20%
1976 Beckenbauer
20%
1986 Belanov
20%
1966 Bobby Charlton
20%
2006 Cannavaro
20%
1971 Cruyff
20%
2025 Dembélé
20%
1957 Di Stefano
20%
1959 Di Stefano
20%
1965 Eusebio
20%
1987 Gullit
20%
1979 Keegan
20%
1958 Kopa
20%
1964 Law
20%
1956 Mathews
20%
2009 Messi
20%
2010 Messi
20%
2015 Messi
20%
2019 Messi
20%
2023 Messi
20%
2018 Modrić
20%
1970 Muller
20%
2001 Owen
20%
1983 Platini
20%
1984 Platini
20%
1985 Platini
20%
1969 Rivera
20%
2014 Ronaldo
20%
2016 Ronaldo
20%
2017 Ronaldo
20%
1997 Ronaldo R9
20%
1982 Rossi
20%
1981 Rummenigge
20%
2004 Shevchenko
20%
1977 Simonsen
20%
1961 Sivori
20%
1994 Stoitchkov
20%
1960 Suarez
20%
1995 Weah
20%
1963 Yachine
20%
1968 Best
0%
1975 Blokhine
0%
2000 Figo
0%
1978 Keegan
0%
1980 Rummenigge
0%
Aucun quiz correspondant
Distribution des résultats
% des personnes avec chaque résultat
Percentile par nombre de réponses
Votre historique - résultats
Vous n’avez pas pris ce quiz depuis la dernière actualisation